40 = (Record no. 29058)
[ view plain ]
| 000 -الفاتح | |
|---|---|
| حقل البيانات ثابتة الطول | 01210nam a22003135i 4500 |
| 003 - محدد رقم الضبط | |
| رقم الضبط | EG-ScBUE |
| 005 - وقت وتاريخ اخر تعامل مع التسجيلة | |
| رقم الضبط | 20201217112442.0 |
| 008 - عناصر البيانات ثابتة الطول - معلومات عامة | |
| حقل البيانات ثابتة الطول | 201217s2020 ua a g 000 0aara d |
| 017 ## - رقم الإيداع القانونى | |
| رقم الإيداع القانونى | 2019 / 2538 |
| 020 ## - الرقم الدولى المعيارى للكتب | |
| الرقم الدولى المعيارى للكتاب | 9789770935552 |
| 040 ## - مصدر الفهرسة | |
| وكالة الفهرسة الأصلية | EG-ScBUE |
| لغة الفهرسة | ara |
| قواعد الوصف | rda |
| وكالة النسخ | EG-ScBUE |
| وكالة التعديل | EG-ScBUE |
| 082 04 - رقم تصنيف ديوى العشرى | |
| رقم التصنيف | 204.4 |
| رقم المادة | ش ق ي |
| رقم الطبعة | 22 |
| 100 1# - المدخل الرئيسى - إسم شخصى | |
| الإسم الشخصى | شقيري، أحمد، |
| التواريخ المصاحبة للاسم | 1973- |
| الدور | مؤلف. |
| 245 10 - بيان العنوان | |
| العنوان | 40 = |
| بقية العنوان | أربعون / |
| بيان المسئوليه,etc | أحمد الشقيري. |
| 246 31 - العنوان الموازى | |
| عنوان صحيح/عنوان مختصر | أربعون |
| 250 ## - بيان الطبعة | |
| بيان الطبعة | الطبعة الثامنة. |
| 264 #1 - النشر، التوزيع | |
| مكان الناشر او الموزع | القاهرة : |
| اسم الناشر او الموزع | دار الشروق، |
| تاريخ النشر أو التوزيع | 2020. |
| 300 ## - الوصف المادى | |
| التعداد | 305 صفحة : |
| تفاصيل ماديه اخرى للوعاء | إيضاحيات ؛ |
| أبعاد الوعاء | 24 سم |
| 336 ## - نوع المحتوى | |
| Carrier Type Term | نص |
| Content Type Code | txt |
| source | rdacontent |
| 337 ## - نوع الوسيط | |
| Media Type Term | بدون وسيط |
| Media Type Code | n |
| source | rdamedia |
| 338 ## - نوع الحامل أو الناقل | |
| Carrier Type Term | مجلد |
| Carrier Type Code | nc |
| source | rdacarrier |
| 500 ## - تبصرة عامة | |
| تبصرة عامة | "إضافة جديدة : قسم مع معادلاتي"-- غلاف الكتاب. |
| 500 ## - تبصرة عامة | |
| تبصرة عامة | "عائدات المؤلف من هذا الكتاب وقف خيري"-- غلاف الكتاب. |
| 500 ## - تبصرة عامة | |
| تبصرة عامة | صدرت الطبعة الأولى، 2019. |
| 600 17 - المدخل الاضافى بالموضوع-اسم شخصى | |
| الإسم الشخصى | شقيري، أحمد، |
| التواريخ المصاحبة للاسم | 1973- |
| التقسيم الفرعي العام | مذكرات. |
| مصدر الرأس أو المصطلح | BUEsh |
| 650 #7 - المدخل الاضافى بالموضوع-مصطلح موضوعى | |
| مصطلح موضوعي أو اسم جغرافي كعنصر مدخل | تحقيق الذات |
| التقسيم الفرعي العام | جوانب دينية. |
| مصدر الرأس أو المصطلح | BUEsh |
| 653 ## - مصطلح تكشيفى غير مقيد | |
| Resource For college | Generalities |
| Arrived date list | December2020 |
| 942 ## - عناصر المدخل الإضافي( كوها) | |
| مصدر التصنيف او مخطط الترفيف | Dewey Decimal Classification |
| حالة التراجع | حالة الفقد | مصدر التصنيف او خطة الترفيف | حالة تلف | ليس للاعارة | مجموعات كوها | المكان الدائم | المكان الحالي | موقع الترفيف | تاريخ الاكتساب | Source of acquisition | سعر الشراء الطبيعي | تعداد مسلسل / التسلسل الزمني | رقم الاستدعاء | الباركود | Date last seen | مُعار | التكلفة | نوع الوعاء |
|---|---|---|---|---|---|---|---|---|---|---|---|---|---|---|---|---|---|---|
| Dewey Decimal Classification | Dar Al shrok | Central Library | Central Library | Lower Floor | 17/12/2020 | Purchase | 100.00 | 0683 | 204.4 ش ق ي | 000050160 | 29/10/2024 | 19/05/2024 | 100.00 | Book - Borrowing |